000 00555nam a2200217Ia 4500
005 20250326144150.0
008 250326s9999 xx 000 0 und d
020 _a978-0-7506-8600-6
037 _aTextbook
040 _aFMSL
_beng
_cFMSL
041 _aeng
_2eng
084 _aX:51 P8
_qFMSL
100 _aBrown D
_941524
245 0 _aInfluencer marketing
_cBrown D; Hayes N
260 _aNY
_bNY, Elsevier
_c2008
300 _a235p
365 _b2121.75
650 _aMarketing
942 _cTB
_hX:51 P8
999 _c1302626
_d1302626